[Event "Barcelona Tres Peons-A 21th"]
[Site "Barcelona"]
[Date "2019.01.16"]
[Round "2.7"]
[White "Serrano Pertinez, Miquel"]
[Black "Mateu Farre, Josep Maria"]
[Result "1-0"]
[WhiteElo "2058"]
[BlackElo "1875"]
[PlyCount "49"]
[EventDate "2019.01.09"]
[EventType "swiss"]
[EventRounds "9"]
[EventCountry "ESP"]
[SourceTitle "EXT 2024"]
[Source "ChessBase"]
[SourceDate "2023.10.10"]
[SourceVersion "1"]
[SourceVersionDate "2023.10.10"]
[SourceQuality "1"]

1. d4 d5 2. Bg5 Nf6 3. Bxf6 gxf6 4. e3 e5 5. Qh5 Bd6 6. Nf3 Qe7 7. Nc3 Bb4 8. dxe5 Nc6 9. Bb5 Bxc3+ 10. bxc3 Bd7 11. Bxc6 Bxc6 12. exf6 Qxf6 13. Qe5+ Qxe5 14. Nxe5 Bb5 15. a4 Ba6 16. 0-0-0 c6 17. Rd4 f6 18. Nd3 b6 19. Rf4 Ke7 20. e4 Rad8 21. Re1 d4 22. e5 dxc3 23. exf6+ Kd6 24. Re7 Rhe8 25. Rd4# 1-0

[Event "Barcelona Primavera La Lira op 11th"]
[Site "Barcelona"]
[Date "2018.05.24"]
[Round "7"]
[White "Mateu Farre, Josep Maria"]
[Black "Fabregas Fontanet, Antonio"]
[Result "1-0"]
[WhiteElo "1861"]
[BlackElo "1973"]
[PlyCount "67"]
[EventDate "2018.04.12"]
[EventType "swiss"]
[EventRounds "9"]
[EventCountry "ESP"]
[SourceTitle "CBM 184 Extra"]
[Source "ChessBase"]
[SourceDate "2018.06.28"]
[SourceVersion "1"]
[SourceVersionDate "2018.06.28"]
[SourceQuality "1"]

1. e4 d6 2. d4 Nf6 3. Nc3 c6 4. Be2 Qa5 5. Bd2 Qb6 6. Nf3 Bg4 7. e5 dxe5 8. dxe5 Nfd7 9. Na4 Qc7 10. 0-0 Bxf3 11. Bxf3 Nxe5 12. Be4 Nbd7 13. Qe2 Ng6 14. f4 0-0-0 15. b4 Nf6 16. Bf3 e6 17. c4 Nh4 18. b5 Nxf3+ 19. Rxf3 Be7 20. Rb1 b6 21. c5 Rxd2 22. Qxd2 Ne4 23. Qc2 Nxc5 24. Nc3 Rd8 25. a4 Rd4 26. bxc6 a6 27. Qe2 Qxc6 28. Qb2 Nxa4 29. Nxa4 Rxa4 30. Qxg7 Qe4 31. Rd1 Qg6 32. Qh8+ Kc7 33. Rc3+ Bc5+ 34. Rxc5+ 1-0

[Event "Barcelona Primavera La Lira op 11th"]
[Site "Barcelona"]
[Date "2018.05.10"]
[Round "5"]
[White "Mateu Farre, Josep Maria"]
[Black "Repiso Alvarez, Jorge"]
[Result "1-0"]
[WhiteElo "1861"]
[BlackElo "1902"]
[PlyCount "39"]
[EventDate "2018.04.12"]
[EventType "swiss"]
[EventRounds "9"]
[EventCountry "ESP"]
[SourceTitle "CBM 184 Extra"]
[Source "ChessBase"]
[SourceDate "2018.06.28"]
[SourceVersion "1"]
[SourceVersionDate "2018.06.28"]
[SourceQuality "1"]

1. e4 c6 2. c4 d5 3. cxd5 cxd5 4. exd5 Nf6 5. Bb5+ Nbd7 6. Nc3 a6 7. Qa4 Rb8 8. Bxd7+ Qxd7 9. Qf4 Qd6 10. d4 b5 11. Nf3 Qxf4 12. Bxf4 Rb6 13. Rc1 Bd7 14. a3 e6 15. Bc7 Rb7 16. d6 g6 17. 0-0 Bh6 18. Rc2 0-0 19. Ne5 Be8 20. Bd8 1-0

[Event "Barcelona Vila de Gracia Seniors 55+ op"]
[Site "Barcelona"]
[Date "2018.04.16"]
[Round "5"]
[White "Mateu Farre, Josep Maria"]
[Black "Lopez Belles, Luis"]
[Result "0-1"]
[WhiteElo "1878"]
[BlackElo "2063"]
[PlyCount "58"]
[EventDate "2018.03.05"]
[EventType "swiss"]
[EventRounds "9"]
[EventCountry "ESP"]
[SourceTitle "EXT 2019"]
[Source "ChessBase"]
[SourceDate "2018.10.10"]
[SourceVersion "1"]
[SourceVersionDate "2018.10.10"]
[SourceQuality "1"]

1. e4 d5 2. exd5 Nf6 3. Bb5+ Bd7 4. Bc4 b5 5. Bb3 Bg4 6. f3 Bc8 7. Ne2 Bb7 8. a4 b4 9. c4 a5 10. d4 g6 11. 0-0 Bg7 12. Nd2 0-0 13. Ne4 Nbd7 14. Bf4 Rc8 15. Qd2 Re8 16. Nc5 Ba8 17. Rfe1 c6 18. Nxd7 Nxd7 19. dxc6 Bxc6 20. d5 Nc5 21. Bd1 Bb7 22. Rc1 e5 23. Be3 Qd6 24. Ng3 f5 25. Bxc5 Qxc5+ 26. Qf2 Bxd5 27. cxd5 Qxf2+ 28. Kxf2 Rxc1 29. d6 Kf8 0-1

[Event "Barcelona Sant Marti op 7th"]
[Site "Barcelona"]
[Date "2018.02.01"]
[Round "4"]
[White "Mateu Farre, Josep Maria"]
[Black "Alcaraz Lopez, Francesco"]
[Result "1-0"]
[WhiteElo "1918"]
[BlackElo "1817"]
[PlyCount "77"]
[EventDate "2018.01.11"]
[EventType "swiss"]
[EventRounds "9"]
[EventCountry "ESP"]
[SourceTitle "EXT 2019"]
[Source "ChessBase"]
[SourceDate "2018.10.10"]
[SourceVersion "1"]
[SourceVersionDate "2018.10.10"]
[SourceQuality "1"]

1. e4 d6 2. d4 Nf6 3. Nc3 g6 4. Be2 Bg7 5. Nf3 0-0 6. 0-0 c6 7. h3 b5 8. a3 Qc7 9. Be3 a6 10. Qd2 Nbd7 11. Bh6 c5 12. Qg5 Bb7 13. Bxg7 Kxg7 14. e5 cxd4 15. exf6+ exf6 16. Nd5 fxg5 17. Nxc7 Rac8 18. Nxa6 Bxa6 19. Nxd4 Ne5 20. Bxb5 Bxb5 21. Nxb5 Rxc2 22. b4 Rd8 23. a4 d5 24. a5 Nd3 25. Rfb1 Rb8 26. Na3 Rd2 27. b5 Nxf2 28. a6 Re8 29. Re1 Ne4 30. b6 Re6 31. a7 Rxb6 32. Rxe4 dxe4 33. a8Q Re6 34. Nc4 Rd3 35. Re1 e3 36. Qf3 Rf6 37. Qe4 Rb3 38. Rxe3 h5 39. Rxb3 1-0

[Event "Barcelona Sant Marti op 7th"]
[Site "Barcelona"]
[Date "2018.01.25"]
[Round "3"]
[White "Rodriguez Guillen, Carlos"]
[Black "Mateu Farre, Josep Maria"]
[Result "0-1"]
[WhiteElo "1721"]
[BlackElo "1918"]
[PlyCount "68"]
[EventDate "2018.01.11"]
[EventType "swiss"]
[EventRounds "9"]
[EventCountry "ESP"]
[SourceTitle "EXT 2019"]
[Source "ChessBase"]
[SourceDate "2018.10.10"]
[SourceVersion "1"]
[SourceVersionDate "2018.10.10"]
[SourceQuality "1"]

1. e4 e5 2. f4 exf4 3. Nf3 d6 4. Bc4 h6 5. Nc3 g5 6. d4 Bg7 7. Qe2 Nc6 8. h4 g4 9. Bxf4 gxf3 10. Qxf3 Nxd4 11. Qh5 Be6 12. Bxe6 Nxe6 13. Rf1 Nxf4 14. Rxf4 Nf6 15. Qb5+ Qd7 16. Qxb7 0-0 17. 0-0-0 Nh5 18. Rf3 Rab8 19. Qd5 Nf6 20. Qc4 Ng4 21. Qd5 Qe6 22. Rg3 Qxd5 23. Rxd5 Nf6 24. Rf5 Nd7 25. Nd5 Rfe8 26. Nxc7 Rxe4 27. Rd5 Ne5 28. Rxd6 Nc4 29. Rd1 Nxb2 30. Rf1 Nc4 31. Nd5 Kf8 32. Rb3 Bb2+ 33. Kd1 Rd8 34. Rd3 Rxd5 0-1

[Event "Barcelona Sant Marti op 7th"]
[Site "Barcelona"]
[Date "2018.01.11"]
[Round "1"]
[White "Colominas Isern, Josep"]
[Black "Mateu Farre, Josep Maria"]
[Result "0-1"]
[WhiteElo "1603"]
[BlackElo "1918"]
[PlyCount "108"]
[EventDate "2018.01.11"]
[EventType "swiss"]
[EventRounds "9"]
[EventCountry "ESP"]
[SourceTitle "EXT 2019"]
[Source "ChessBase"]
[SourceDate "2018.10.10"]
[SourceVersion "1"]
[SourceVersionDate "2018.10.10"]
[SourceQuality "1"]

1. d4 d5 2. Bf4 Nf6 3. Nf3 e6 4. e3 c5 5. c4 Nc6 6. Nc3 a6 7. a3 Be7 8. h3 0-0 9. Bd3 dxc4 10. Bxc4 b5 11. Be2 c4 12. 0-0 Bb7 13. Qc2 Qb6 14. Rfd1 Rfd8 15. Rab1 Rac8 16. b3 cxb3 17. Rxb3 Na5 18. Rbb1 Bxa3 19. Qd3 Nc4 20. Rf1 Bd6 21. Bg5 Be7 22. Rbd1 h6 23. Bh4 Qa7 24. e4 g5 25. Bg3 b4 26. e5 Nxe5 27. Bxe5 Rxc3 28. Qd2 Nd5 29. Nh2 f6 30. Bg3 a5 31. Bf3 Bd6 32. Qe2 Kf7 33. Bxd6 Rxd6 34. Bxd5 exd5 35. Qh5+ Kg7 36. Ng4 f5 37. Ne3 Bc8 38. Qf3 Qf7 39. Rc1 f4 40. Rxc3 bxc3 41. Ng4 Bxg4 42. hxg4 c2 43. Rc1 Rc6 44. Qe2 Qc7 45. Qb5 Rc4 46. Qxd5 a4 47. Qe4 a3 48. Qd3 Rc3 49. Qa6 Rb3 50. Kh2 Rb1 51. Qxa3 Rxc1 52. Qxc1 Qc3 53. d5 Kf7 54. d6 Ke6 0-1

[Event "Barcelona Sant Marti op-A 19th"]
[Site "Barcelona"]
[Date "2017.07.21"]
[Round "9.66"]
[White "Mateu Farre, Josep Maria"]
[Black "Lorenzo Martinez, Ruben"]
[Result "1-0"]
[WhiteElo "1974"]
[BlackElo "1490"]
[PlyCount "99"]
[EventDate "2017.07.13"]
[EventType "swiss"]
[EventRounds "9"]
[EventCountry "ESP"]
[SourceTitle "EXT 2018"]
[Source "ChessBase"]
[SourceDate "2017.10.13"]
[SourceVersion "1"]
[SourceVersionDate "2017.10.13"]
[SourceQuality "1"]

1. e4 c5 2. Nf3 Nc6 3. d4 cxd4 4. Nxd4 g6 5. c4 Bg7 6. Be3 Nf6 7. Nc3 0-0 8. Be2 a6 9. 0-0 e6 10. c5 d5 11. cxd6 Qxd6 12. Nxc6 Qxc6 13. f3 b5 14. Rc1 Qd7 15. Qb3 Qe7 16. a4 bxa4 17. Nxa4 Qb7 18. Qxb7 Bxb7 19. Rc7 Bc8 20. Nb6 Rb8 21. Nxc8 Rbxc8 22. Rxc8 Rxc8 23. Bxa6 Rb8 24. Rb1 Rb3 25. Bc1 Nd7 26. Bc4 Rb4 27. b3 Nc5 28. Ba3 Bd4+ 29. Kf1 Rb8 30. b4 Kg7 31. b5 Rb6 32. Be2 Na4 33. Rb4 Nc3 34. Rxd4 Nxe2 35. Kxe2 Rxb5 36. Rb4 Ra5 37. Bb2+ Kf8 38. Bf6 Ra8 39. Rd4 Ke8 40. e5 h5 41. g4 hxg4 42. fxg4 Kf8 43. Rd8+ Rxd8 44. Bxd8 Kg7 45. h4 Kh7 46. Kf3 Kg7 47. Kf4 Kh6 48. Bf6 Kh7 49. Kg5 Kg8 50. Kh6 1-0

[Event "Barcelona Sant Marti op-A 19th"]
[Site "Barcelona"]
[Date "2017.07.16"]
[Round "4"]
[White "Kyrkjebo, Erlend"]
[Black "Mateu Farre, Josep Maria"]
[Result "1-0"]
[WhiteElo "2085"]
[BlackElo "1974"]
[PlyCount "45"]
[EventDate "2017.07.13"]
[EventType "swiss"]
[EventRounds "9"]
[EventCountry "ESP"]
[SourceTitle "EXT 2018"]
[Source "ChessBase"]
[SourceDate "2017.10.13"]
[SourceVersion "1"]
[SourceVersionDate "2017.10.13"]
[SourceQuality "1"]

1. e4 e5 2. Nf3 Nf6 3. Nxe5 d6 4. Nf3 Nxe4 5. Nc3 Nxc3 6. dxc3 Be7 7. Be3 Nc6 8. Qd2 Be6 9. 0-0-0 Bxa2 10. b3 a5 11. Kb2 a4 12. Kxa2 axb3+ 13. Kxb3 Ra5 14. Qe1 Qa8 15. Kb2 Ra2+ 16. Kc1 Nb4 17. cxb4 Qa3+ 18. Kd2 Qxb4+ 19. Ke2 Rxc2+ 20. Nd2 Bh4 21. Kf3 0-0 22. g3 Re8 23. Bd3 1-0

[Event "Barcelona Primavera La Lira op 10th"]
[Site "Barcelona"]
[Date "2017.05.11"]
[Round "4"]
[White "Mateu Farre, Josep Maria"]
[Black "Corominas Garrido, Jordi"]
[Result "1-0"]
[WhiteElo "1954"]
[BlackElo "1884"]
[PlyCount "55"]
[EventDate "2017.04.20"]
[EventType "swiss"]
[EventRounds "9"]
[EventCountry "ESP"]
[SourceTitle "EXT 2018"]
[Source "ChessBase"]
[SourceDate "2017.10.13"]
[SourceVersion "1"]
[SourceVersionDate "2017.10.13"]
[SourceQuality "1"]

1. e4 e6 2. d4 d5 3. e5 c5 4. c3 Nc6 5. Nf3 Qb6 6. a3 c4 7. Nbd2 Na5 8. g3 Bd7 9. Bh3 f5 10. exf6 gxf6 11. 0-0 0-0-0 12. Re1 Nh6 13. b4 cxb3 14. Rb1 Nf7 15. Nxb3 Re8 16. Bf4 Nxb3 17. Rxb3 Qc6 18. Qb1 Bd6 19. Be3 Kb8 20. Re2 Nd8 21. Reb2 Qc7 22. c4 dxc4 23. Rc3 Re7 24. Nd2 Bc6 25. Nxc4 Qd7 26. d5 Bxd5 27. Nxd6 Qxd6 28. Bf4 1-0

[Event "Barcelona Primavera La Lira op 10th"]
[Site "Barcelona"]
[Date "2017.04.27"]
[Round "2"]
[White "Mateu Farre, Josep Maria"]
[Black "Santolaria Pena, Manel"]
[Result "1-0"]
[WhiteElo "1954"]
[BlackElo "1705"]
[PlyCount "65"]
[EventDate "2017.04.20"]
[EventType "swiss"]
[EventRounds "9"]
[EventCountry "ESP"]
[SourceTitle "EXT 2018"]
[Source "ChessBase"]
[SourceDate "2017.10.13"]
[SourceVersion "1"]
[SourceVersionDate "2017.10.13"]
[SourceQuality "1"]

1. e4 c5 2. Nf3 d6 3. d4 cxd4 4. Nxd4 a6 5. c4 Nf6 6. Nc3 e6 7. Be2 Be7 8. 0-0 0-0 9. Kh1 Nc6 10. Be3 Bd7 11. f4 Qc7 12. Rc1 Nxd4 13. Bxd4 e5 14. Nd5 Nxd5 15. cxd5 Qb8 16. fxe5 dxe5 17. Bb6 Bd6 18. Bg4 Qe8 19. Bc7 Qe7 20. Bxd6 Qxd6 21. Bxd7 Qxd7 22. Qb3 Rac8 23. Rcd1 Rfe8 24. h3 Kf8 25. Rf3 Rc7 26. Rdf1 Qd6 27. Rf5 Ree7 28. Qf3 Kg8 29. Qh5 b5 30. Qg5 Rcd7 31. Rf6 h6 32. Qg4 Qb4 33. Rxh6 1-0

[Event "Barcelona Sant Marti op 6th"]
[Site "Barcelona"]
[Date "2017.02.16"]
[Round "6"]
[White "Permanyer Ugartemendia, Inaki"]
[Black "Mateu Farre, Josep Maria"]
[Result "0-1"]
[WhiteElo "1685"]
[BlackElo "1963"]
[PlyCount "48"]
[EventDate "2017.01.12"]
[EventType "swiss"]
[EventRounds "9"]
[EventCountry "ESP"]
[SourceTitle "EXT 2018"]
[Source "ChessBase"]
[SourceDate "2017.10.13"]
[SourceVersion "1"]
[SourceVersionDate "2017.10.13"]
[SourceQuality "1"]

1. d4 d5 2. Nf3 Nf6 3. Bg5 Ne4 4. Bf4 c5 5. c4 e6 6. e3 Qa5+ 7. Nbd2 cxd4 8. exd4 Nc6 9. a3 Nxd2 10. Bxd2 Qd8 11. Bg5 f6 12. Bf4 g5 13. Be3 g4 14. Nd2 e5 15. dxe5 d4 16. Bf4 fxe5 17. Bg3 Bf5 18. f3 d3 19. Ne4 Bxe4 20. fxe4 Qa5+ 21. Qd2 Bb4 22. axb4 Qxa1+ 23. Kf2 Rf8+ 24. Ke3 Rxf1 0-1

[Event "Barcelona Sant Marti op 6th"]
[Site "Barcelona"]
[Date "2017.01.12"]
[Round "1"]
[White "Mateu Farre, Josep Maria"]
[Black "Demestres Lopez, Ricardo"]
[Result "1-0"]
[WhiteElo "1963"]
[BlackElo "1646"]
[PlyCount "57"]
[EventDate "2017.01.12"]
[EventType "swiss"]
[EventRounds "9"]
[EventCountry "ESP"]
[SourceTitle "EXT 2018"]
[Source "ChessBase"]
[SourceDate "2017.10.13"]
[SourceVersion "1"]
[SourceVersionDate "2017.10.13"]
[SourceQuality "1"]

1. e4 e5 2. Nf3 d6 3. d4 exd4 4. Nxd4 Be7 5. Be2 Nf6 6. Nc3 0-0 7. 0-0 a6 8. a4 c5 9. Nb3 Nc6 10. f4 Be6 11. Be3 Bxb3 12. cxb3 Qb6 13. Bc4 Na5 14. Nd5 Nxd5 15. Bxd5 Nc6 16. Qg4 Nb4 17. Rf3 Nxd5 18. exd5 Bf6 19. Rh3 g6 20. f5 Qc7 21. Qf4 g5 22. Qg4 Qe7 23. Kf1 Kg7 24. Bd2 Rae8 25. Qh5 Rh8 26. Re1 Qd8 27. Qh6+ Kg8 28. Rxe8+ Qxe8 29. Qxf6 1-0

[Event "Barcelona Sant Marti op-B 5th"]
[Site "Barcelona"]
[Date "2016.02.18"]
[Round "6"]
[White "Mateu Farre, Josep Maria"]
[Black "Salazar Navas, Josep"]
[Result "0-1"]
[WhiteElo "1980"]
[BlackElo "1781"]
[PlyCount "40"]
[EventDate "2016.01.14"]
[EventType "swiss"]
[EventRounds "9"]
[EventCountry "ESP"]
[SourceTitle "EXT 2017"]
[Source "ChessBase"]
[SourceDate "2016.10.25"]
[SourceVersion "1"]
[SourceVersionDate "2016.10.25"]
[SourceQuality "1"]

1. e4 d5 2. exd5 Nf6 3. Nf3 Nxd5 4. Bc4 Nc6 5. 0-0 Bf5 6. Nh4 Be6 7. Re1 g6 8. c3 Bg7 9. d4 0-0 10. Bg5 h6 11. Bc1 Nxc3 12. bxc3 Bxc4 13. Nd2 Bd5 14. c4 Be6 15. Nxg6 fxg6 16. Rxe6 Qxd4 17. Rb1 Rxf2 18. Kh1 Raf8 19. Qe1 Qd3 20. Kg1 Bd4 0-1

[Event "Barcelona Sant Marti op-B 4th"]
[Site "Barcelona"]
[Date "2015.03.12"]
[Round "9"]
[White "Mateu Farre, Josep Maria"]
[Black "Nadal Fajardo, Ricard"]
[Result "0-1"]
[WhiteElo "2070"]
[BlackElo "1987"]
[PlyCount "102"]
[EventDate "2015.01.15"]
[EventType "swiss"]
[EventRounds "9"]
[EventCountry "ESP"]
[SourceTitle "EXT 2016"]
[Source "ChessBase"]
[SourceDate "2015.10.08"]
[SourceVersion "1"]
[SourceVersionDate "2015.10.08"]
[SourceQuality "1"]

1. e4 c6 2. c4 d5 3. cxd5 cxd5 4. exd5 Qxd5 5. Nc3 Qd8 6. d4 Nf6 7. Nf3 e6 8. Bf4 Nc6 9. Be2 Be7 10. 0-0 0-0 11. Rc1 b6 12. Bb5 Bb7 13. Ne2 Qd5 14. Qa4 Rfc8 15. Bg3 a6 16. Bd3 b5 17. Qd1 Nb4 18. Nc3 Qd8 19. Bb1 Nbd5 20. Be5 Nxc3 21. Rxc3 Rxc3 22. bxc3 Rc8 23. Ng5 g6 24. Qd2 Ng4 25. Bf4 e5 26. dxe5 Qxd2 27. Bxd2 Nxe5 28. Re1 Bf6 29. Ne4 Bxe4 30. Bxe4 Nc4 31. Bh6 Bxc3 32. Rc1 Nd6 33. Bd5 Bg7 34. Rxc8+ Nxc8 35. Bxg7 Kxg7 36. Bb7 Nd6 37. Bd5 f5 38. Kf1 Kf6 39. Ke2 Ke5 40. Bg8 h6 41. Kd3 a5 42. Bh7 g5 43. Bg8 Ne4 44. f3 Nc5+ 45. Kc3 Na4+ 46. Kd2 Nc5 47. Kc3 Na4+ 48. Kd2 Kd4 49. Be6 f4 50. Bf7 b4 51. Be8 Nc5 0-1

[Event "Barcelona Sant Marti op-B 4th"]
[Site "Barcelona"]
[Date "2015.03.05"]
[Round "8"]
[White "Rebull Camarasa, Ramon"]
[Black "Mateu Farre, Josep Maria"]
[Result "0-1"]
[WhiteElo "2047"]
[BlackElo "2070"]
[PlyCount "48"]
[EventDate "2015.01.15"]
[EventType "swiss"]
[EventRounds "9"]
[EventCountry "ESP"]
[SourceTitle "EXT 2016"]
[Source "ChessBase"]
[SourceDate "2015.10.08"]
[SourceVersion "1"]
[SourceVersionDate "2015.10.08"]
[SourceQuality "1"]

1. e4 e5 2. Nf3 Nf6 3. d4 exd4 4. e5 Ne4 5. Qxd4 d5 6. exd6 Nxd6 7. Be3 Nc6 8. Qf4 g6 9. Nc3 Bg7 10. 0-0-0 0-0 11. Bc5 Be6 12. Nb5 Re8 13. Nxc7 Qxc7 14. Bxd6 Qb6 15. Ne5 Bxa2 16. Bc4 Nxe5 17. Bxe5 Bxe5 18. Qxf7+ Kh8 19. Rd7 Qxb2+ 20. Kd1 Bg7 21. Bxa2 Rad8 22. Bd5 Rf8 23. Qe7 Qa1+ 24. Ke2 Rde8 0-1

[Event "Barcelona Sant Marti op-B 4th"]
[Site "Barcelona"]
[Date "2015.02.19"]
[Round "6"]
[White "Mateu Farre, Josep Maria"]
[Black "Subirana Santos, Marc"]
[Result "1-0"]
[WhiteElo "2070"]
[BlackElo "1920"]
[PlyCount "109"]
[EventDate "2015.01.15"]
[EventType "swiss"]
[EventRounds "9"]
[EventCountry "ESP"]
[SourceTitle "EXT 2016"]
[Source "ChessBase"]
[SourceDate "2015.10.08"]
[SourceVersion "1"]
[SourceVersionDate "2015.10.08"]
[SourceQuality "1"]

1. e4 g6 2. d4 Bg7 3. c4 d6 4. Nc3 Nf6 5. Be2 0-0 6. Nf3 e5 7. 0-0 Nc6 8. d5 Ne7 9. Bg5 h6 10. Bd2 Kh7 11. h3 g5 12. Nh2 Ng6 13. Ng4 Nf4 14. Bf3 Nxg4 15. hxg4 a6 16. g3 Ng6 17. Kg2 Rh8 18. Rc1 Bd7 19. b4 Ne7 20. Rh1 Kg8 21. Be2 b6 22. Be3 c5 23. dxc6 Bxc6 24. Nd5 Nxd5 25. cxd5 Bb7 26. Qd2 Bf6 27. Rc2 Kg7 28. Rhc1 Re8 29. Rc7 Re7 30. Bxb6 Qb8 31. Ba5 Re8 32. Rd7 Bd8 33. Bxd8 Rxd8 34. Rdc7 Rc8 35. Qc3 Qa7 36. Qf3 Rxc7 37. Rxc7 Rf8 38. Qf5 Qb6 39. Qd7 Ba8 40. a3 a5 41. bxa5 Qb2 42. Qb5 Rb8 43. Qxb2 Rxb2 44. Bc4 Rc2 45. a6 Rc3 46. a4 Kg6 47. a7 h5 48. gxh5+ Kh6 49. Rc8 Bb7 50. Rb8 Rxc4 51. Rxb7 Rxa4 52. g4 f5 53. gxf5 Kxh5 54. f6 Kh6 55. f7 1-0

[Event "Barcelona Sant Marti op-B 4th"]
[Site "Barcelona"]
[Date "2015.01.22"]
[Round "2"]
[White "Garcia Gonzalez, Juan"]
[Black "Mateu Farre, Josep Maria"]
[Result "0-1"]
[WhiteElo "1820"]
[BlackElo "2070"]
[PlyCount "98"]
[EventDate "2015.01.15"]
[EventType "swiss"]
[EventRounds "9"]
[EventCountry "ESP"]
[SourceTitle "EXT 2016"]
[Source "ChessBase"]
[SourceDate "2015.10.08"]
[SourceVersion "1"]
[SourceVersionDate "2015.10.08"]
[SourceQuality "1"]

1. d4 d5 2. Bf4 Nf6 3. e3 e6 4. Nf3 Bd6 5. Bg3 0-0 6. Bd3 Nc6 7. c3 Ng4 8. Bxd6 cxd6 9. h3 Nf6 10. 0-0 e5 11. Nh2 h5 12. Be2 g6 13. Nd2 Nh7 14. f4 Qe7 15. Bxh5 exf4 16. Bf3 fxe3 17. Nb3 Bf5 18. Nc1 Nf6 19. Ne2 Be4 20. Bxe4 Nxe4 21. Qe1 Rae8 22. Ng4 f5 23. Nh2 Nd2 24. Rd1 Nxf1 25. Nxf1 f4 26. Nh2 Nd8 27. Qf1 Qe4 28. Qf3 Qxf3 29. gxf3 Kg7 30. Ng4 Ne6 31. Kg2 Ng5 32. Rh1 Ne4 33. Rf1 Nf6 34. Rh1 Nxg4 35. hxg4 Rh8 36. Rxh8 Kxh8 37. g5 Kg7 38. Kh3 Rh8+ 39. Kg2 Rh4 40. Kf1 Kf7 41. Kg2 Ke6 42. Nc1 Kf5 43. Ne2 Kxg5 44. b3 Kf5 45. c4 g5 46. c5 dxc5 47. dxc5 g4 48. Ng1 g3 49. Ne2 Rh2+ 0-1

[Event "Barcelona Sant Marti op-B 4th"]
[Site "Barcelona"]
[Date "2015.01.15"]
[Round "1"]
[White "Mateu Farre, Josep Maria"]
[Black "Pascual Gonzalez, Novelles David"]
[Result "1/2-1/2"]
[WhiteElo "2070"]
[BlackElo "1857"]
[PlyCount "96"]
[EventDate "2015.01.15"]
[EventType "swiss"]
[EventRounds "9"]
[EventCountry "ESP"]
[SourceTitle "EXT 2016"]
[Source "ChessBase"]
[SourceDate "2015.10.08"]
[SourceVersion "1"]
[SourceVersionDate "2015.10.08"]
[SourceQuality "1"]

1. e4 e5 2. Nf3 d6 3. Bc4 Be7 4. 0-0 Nf6 5. d4 exd4 6. Nxd4 0-0 7. Nc3 Nbd7 8. h3 Ne5 9. Be2 c5 10. Nf3 b6 11. Re1 Bb7 12. Bf1 h6 13. Bf4 Ng6 14. Bh2 Re8 15. Bb5 Rf8 16. Qd2 a6 17. Bf1 b5 18. a3 Qb6 19. Nd5 Nxd5 20. exd5 Bf6 21. c4 Rfe8 22. Rab1 Ne5 23. Nxe5 Bxe5 24. Bxe5 Rxe5 25. Rxe5 dxe5 26. b4 Rd8 27. Qe1 f6 28. cxb5 cxb4 29. bxa6 Bxa6 30. axb4 Bxf1 31. Qxf1 Rxd5 32. Qc4 Qb5 33. Qa2 Kh7 34. Qc2+ Qd3 35. Qxd3+ Rxd3 36. b5 Rd7 37. b6 Rb7 38. Kf1 Kg8 39. Ke2 Kf8 40. Kd3 Ke8 41. Kc4 Kd7 42. Kb5 Kc8 43. Rc1+ Kb8 44. Rc6 Rd7 45. Ka6 Rd2 46. Re6 Ra2+ 47. Kb5 Rb2+ 48. Kc6 Rc2+ 1/2-1/2

[Event "Barcelona Barri Gotic op 3rd"]
[Site "Barcelona"]
[Date "2014.05.05"]
[Round "4"]
[White "Mateu Farre, Josep Maria"]
[Black "Grifell Sola, Joan"]
[Result "1-0"]
[WhiteElo "2117"]
[BlackElo "2003"]
[PlyCount "69"]
[EventDate "2014.04.07"]
[EventType "swiss"]
[EventRounds "8"]
[EventCountry "ESP"]
[SourceTitle "CBM 160 Extra"]
[Source "ChessBase"]
[SourceDate "2014.07.01"]
[SourceVersion "1"]
[SourceVersionDate "2014.07.01"]
[SourceQuality "1"]

1. e4 e5 2. Nf3 f5 3. Bc4 fxe4 4. Nxe5 d5 5. Qh5+ g6 6. Nxg6 Nf6 7. Qe5+ Be7 8. Nxh8 dxc4 9. Nc3 Nc6 10. Qg5 Be6 11. 0-0 Qd7 12. Nxe4 0-0-0 13. Nxf6 Qd6 14. Qg7 Qd4 15. Nh5 Rxh8 16. Re1 Rg8 17. Qxd4 Nxd4 18. Ng3 Kd7 19. Re5 Nxc2 20. Rb1 Bd6 21. Rh5 Kc6 22. b3 cxb3 23. axb3 Nd4 24. b4 b5 25. Bb2 Nb3 26. Bc3 Rg4 27. Rxh7 a5 28. Rh6 Bc4 29. bxa5 b4 30. Bxb4 Nd4 31. Bxd6 cxd6 32. Rb6+ Kc7 33. Rh7+ Kc8 34. a6 Bd5 35. a7 1-0

[Event "Barcelona Sant Marti op 3rd"]
[Site "Barcelona"]
[Date "2014.02.20"]
[Round "6"]
[White "Anguera Maestro, Jaime"]
[Black "Mateu Farre, Josep Maria"]
[Result "1-0"]
[WhiteElo "2263"]
[BlackElo "2117"]
[PlyCount "79"]
[EventDate "2014.01.16"]
[EventType "swiss"]
[EventRounds "9"]
[EventCountry "ESP"]
[SourceTitle "EXT 2015"]
[Source "ChessBase"]
[SourceDate "2014.11.20"]
[SourceVersion "1"]
[SourceVersionDate "2014.11.20"]
[SourceQuality "1"]

1. d4 d5 2. Nf3 Nf6 3. e3 c5 4. c3 e6 5. Bd3 Nc6 6. 0-0 Bd6 7. Nbd2 0-0 8. e4 e5 9. dxe5 Nxe5 10. Nxe5 Bxe5 11. f4 Bc7 12. e5 Ng4 13. Nf3 c4 14. Be2 Bb6+ 15. Nd4 Qh4 16. h3 Nh6 17. Be3 Qd8 18. Kh2 Bf5 19. g4 Be4 20. Bf3 Rc8 21. Bxe4 dxe4 22. Qe1 Qe7 23. Bf2 f5 24. Nxf5 Nxf5 25. gxf5 Bxf2 26. Rxf2 Qh4 27. Rf1 Qh5 28. Qxe4 Rfd8 29. Qg2 Qxf5 30. Rae1 Rc6 31. Re2 Rg6 32. Qxb7 Qh5 33. Qf3 Qf5 34. Rff2 h6 35. Qe4 Qh5 36. Qxc4+ Kh8 37. Rg2 Rxg2+ 38. Rxg2 g5 39. fxg5 Qf3 40. gxh6 1-0

[Event "Barcelona Sant Marti op 3rd"]
[Site "Barcelona"]
[Date "2014.01.30"]
[Round "3"]
[White "Mateu Farre, Josep Maria"]
[Black "Martorell Aguado, Joan"]
[Result "0-1"]
[WhiteElo "2117"]
[BlackElo "2230"]
[PlyCount "68"]
[EventDate "2014.01.16"]
[EventType "swiss"]
[EventRounds "9"]
[EventCountry "ESP"]
[SourceTitle "EXT 2015"]
[Source "ChessBase"]
[SourceDate "2014.11.20"]
[SourceVersion "1"]
[SourceVersionDate "2014.11.20"]
[SourceQuality "1"]

1. e4 c5 2. Nf3 d6 3. d4 cxd4 4. Nxd4 Nf6 5. Nc3 Nc6 6. Be2 e5 7. Nb3 Be7 8. 0-0 a5 9. a4 0-0 10. Be3 Be6 11. Nd2 Rc8 12. Nc4 Nd4 13. Bxd4 Bxc4 14. Be3 h6 15. f4 exf4 16. Rxf4 Re8 17. Qf1 Bxe2 18. Qxe2 Nd7 19. Raf1 Ne5 20. Bd4 Bg5 21. Bxe5 Rxe5 22. Rxf7 Qb6+ 23. Kh1 Qxb2 24. Qg4 Qxc3 25. h4 h5 26. Qd7 Bh6 27. Qxd6 Qg3 28. R1f3 Qe1+ 29. Kh2 Qxh4+ 30. Kg1 Qxe4 31. Rg3 Be3+ 32. Kh1 Qh4+ 33. Rh3 Qe1+ 34. Kh2 Bg1+ 0-1